000 01155nam0a22003251 4500
001 rc\2278410
005 20110829191421.0
035 _a(NLR Aleph) 006558106
090 _a6813951
_c6813951
100 _a20110829d1979 |||y0rusy50 ca
101 0 _arus
102 _aRU
105 _ay z |||||
200 1 _aОзимая пшеница
_f[Принимали участие Н.Н. Бородин, Л.В. Горынин, К.И. Саранин и др.
_gСост. Л.В. Горынин]
210 _aМосква
_cРоссельхозиздат
_d1979
215 _a160 с.
_d21
300 _aАвт. указаны на обороте тит. л.
606 _aПшеница озимая
_xВозделывание
_yРСФСР
_2psbo
686 _a42.112
_2rubbk
686 _aП212.1,0
_2rubbk
702 1 _aСаранин
_bК. И.
_4570
702 1 _aБородин
_bН. Н.
_gНикита Никитич
_4570
702 1 _aГорынин
_bЛ. В.
_4220
801 0 _aRU
_bNLR
_gpsbo
801 1 _aRU
_bELAR
_2rusmarc
852 _aNLR
_j80-5/1693
899 _aRuMoRGB
_jB 79-55/180
899 _aRuMoRGB
_jB 79-55/181
942 _cBOOK
980 _aNB